| 000 | 00484nam a22001817a 4500 | ||
|---|---|---|---|
| 003 | SISC | ||
| 005 | 20160331130639.0 | ||
| 008 | 130905t xxu||||| |||| 00| 0 eng d | ||
| 020 | _a0890618135 | ||
| 050 |
_aLB 1632 _b.T383 1997 |
||
| 082 |
_aHS 808.83 _bT34 1997 |
||
| 245 | _aThemes in reading : | ||
| 260 |
_allinois : _bJamestown Publishers, _cc1997. |
||
| 300 |
_a153 p. : _bill. col. ; _c23 cm. |
||
| 650 |
_areading materials _916623 |
||
| 942 |
_2lcc _cBK |
||
| 999 |
_c10401 _d10401 |
||